00326nam a2200133 4500003000400000008004100004020001800045082001700063100001700080245002600097260004900123300000800172650001200180OSt240702b |||||||| |||| 00| 0 eng d a9789390372676 a981.438bPUN aPUNJ, Balbir aNarrative Ka Mayajaal aNew DelhibPrabhat Prakashan Pvt. Ltd.c2024 a398 aGeneral